| 000 | nam a22 a 4500 | ||
|---|---|---|---|
| 999 |
_c106686 _d106686 |
||
| 003 | BLK | ||
| 005 | 20201023105908.0 | ||
| 008 | 180409b bul|||||r ||||||| ||bul|| | ||
| 010 | _aKNG00111949000 | ||
| 040 | _aBLK | ||
| 041 |
_aRUS _cRUS |
||
| 072 | 7 |
_2bullib _aЦ _xРедки и ценни |
|
| 080 |
_aУчение за спасението. Милосърдие. Вяра _b234 _z234 |
||
| 139 |
_aЕдиное на потребу (Лук. 10, 41) _bЕ 29 |
||
| 245 | 1 | 0 |
_aЕдиное на потребу (Лук. 10, 41) _bДушеполезныя размышления, извлеченныя преимущественно из творений св. Отцев церкви |
| 250 | _a5. изд. | ||
| 257 | _aRUS | ||
| 260 |
_bТипо-Литогр. И. Ефимова _c1895 _aМосква |
||
| 300 |
_a29 с. _c23 см |
||
| 380 | _a2 | ||
| 490 |
_9435080 _aКолекция Редки и ценни издания |
||
| 500 | _aИзд. Афонскаго Рус. Пантелеймонова монастыря. | ||
| 650 | 4 |
_aХристиянство _9176914 |
|
| 650 | 4 |
_aВяра _9151636 |
|
| 653 | _aхристиянство | ||
| 653 | _aвяра | ||
| 653 | _aправославие | ||
| 659 | _aЦ | ||
| 852 |
_aРр 895 _bРц |
||
| 856 | 4 | _qpdf | |
| 942 |
_cKNG _n0 _s1 |
||
| 944 |
_aCR _c26.03.2004 _kЛюдмила_Стоянова |
||
| 944 |
_aED _c2020-10-23 |
||
| 999 | _d106686 | ||